Wszystkie przystanki autobusowe i tramwajowe w Bydgoszczy i okolicach - Statystyki

Ogólne statystyki
  • Ten quiz został rozwiązany 10 razy
    5 od ostatniego zresetowania
  • Średni wynik to 269 z 580
Statystyki odpowiedzi
Linie Autobusowe na przystanku Ulica/Miejscowość (Przedrostek nazwy przystanku) Przystanek % Poprawnych
33N, 52, 55, 59, 60, 64, 67 Markwarta/ 3 Maja
100%
43 Kasztelańska/ Andersa
100%
81, 82 Kleeberga/ Andersa
100%
3, 5, 10, 32N, 65 (Nieużywana Pętla) Fordońska/ Bałtycka
100%
33N, 55, 71, 77 Głowackiego/ Bałtycka
100%
33N, 59, 64, 67, 69, 89 Skłodowskiej-Curie/ Bałtycka
100%
2Rx, 4, 6, 11 (Pętla) Bielawy
100%
32N, 42, 52, 53, 54, 57, 59, 60, 69, 89, 91, 92, 96 (Pętla Przejazdowa) Błonie
100%
31N, 41, 52, 65, 68, 93, 94 (Pętla Przejazdowa) Dworzec Leśne
100%
3, 5, 7, 10, 11, 31N, 32N, 33N, 64, 65, 69, 73, 74, 83, 89 - Dworzec Wschód
100%
3, 5, 6Rx, 7, 10, 11, 32N, 33N, 64, 65, 69, 89 Fordońska/ Fabryczna
100%
83 Kamienna/ Fabryczna
100%
3, 5, 10, 32N, 65 Fordońska/ Gajowa
100%
33N, 55, 71, 77 Głowackiego/ Gajowa
100%
83 Kamienna/ Gajowa
100%
59, 60, 64, 67, 69, 89 Skłodowskiej-Curie/ Gajowa
100%
1x, 3, 5, 8, 9, 10Rx, 31N, 33N, 54, (56), 61, 62, 71, 77, 79, 90 (Pętla Przejazdowa) Garbary
100%
31N, 57, 80 Czerkaska/ Gdańska
100%
(31N), (52), 94 Jeździecka/ Gdańska
100%
83 Kamienna/ Gdańska
100%
(31N), 41, (52), 93, 94 Modrzewiowa/ Gdańska
100%
57, 80 Powstańcow Warszawy/ Gdańska
100%
67 Śniadeckich/ Gdańska
100%
(52), 82* Zamczysko/ Gdańska
100%
(31N), 41, (52), 82*, 93, 94 Gdańska/ Las (NŻ)
100%
6x, 36N, (59), 73, 76, 85 (Pętla Przejazdowa) Łęgnowo
100%
2Rx, 4, 6, 11 Chodkiewicza/ Lelewela
100%
33N, 55, 64, 65, 68, 71, 77 Powstańców Wielkopolskich/ Lelewela
100%
3, 4, 5, 6Rx, 8, 10, 32N Jagiellońska/ Łużycka
100%
5, 8, 9 Dworcowa/ Matejki
100%
55, 60, 71, 77 (Pętla) Morska
100%
3, 5, 7, 10, 11, 31N, 33N, 40, 65, 81, 82 - Niepodległości
100%
(35N), 77 (Pętla) Niklowa
100%
1x, 3, 5, 8, 9, 10Rx, 31N, 33N, 34N Focha/ Opera
100%
31N, 32N, 33N, 34N, 35N, 36N, 51, 58, 61, 99 (Pętla Przejazdowa) Plac Kościeleckich
100%
3, 5, 7, 10, 11, 31N, 32N, 40*, 43, 69, 81, 82, 83, 89, 98 (Pętla Przejazdowa) Przylesie P+R
100%
35N, 61, 71 (Pętla) Rekinowa
100%
42, 92 Kruszyn Krajeński Słoneczna
100%
1x, 3, 10Rx Nakielska/ Słoneczna
100%
4, 6, 11, 52, 57, 65, 68, 80 - UKW
100%
31N, 71, 77 Fredry/ Warszawska
100%
3, 5, 6Rx, 7, 10, 11, 32N, 33N, 64, 65, 69, 74, 89 Fordońska/ Wyścigowa
100%
6Rx, 74 (Pętla) Wyścigowa
100%
32N, 83, 89 Kaliskiego/ Akademicka
75%
69, 73, 81 Matki Teresy z Kalkuty/ Akademicka
75%
69, 81 Romanowskiej/ Akademicka
75%
31N, 33N,54, 71, 77, 79 Królowej Jadwigi/ Astoria
75%
3, 5, 7, 10, 11, 31N, 43, 74, 81, 82 - Bajka
75%
64 (Pętla) Barwna
75%
(36N), 56, 62, 90 (Pętla, Zajazd Kieszeniowy) Belma
75%
90 Lisi Ogon Bydgoska/Spokojna 1
75%
1x, 2, 4, 6, 10x, 11, 31N Gdańska/ Chodkiewicza
75%
79 Glinki/ Cmentarna
75%
3, 4, 5, 6Rx, 8, 10, 32N, 57, 80 - Dworzec Autobusowy
75%
5, 8, 9, 31N, 33N, 54, 57, 67, 71, 77, 79, 80 (Pętla Przejazdowa) Dworzec Główny
75%
3, 5, 7, 10, 11 Andersa/ Gieryna
75%
31N, (65), 81 Bora-Komorowskiego/ Gieryna
75%
4, 9, 31N, 56, 68, 84, 79 (Pętla Przejazdowa) Glinki
75%
56 (Pętla) Glinki BFM
75%
(79) Cmentarna/ Glinki (NŻ)
75%
6x, 36N, 76 Toruńska/ Hala
75%
3, 5, 7, 10, 11, 31N, 43, 81, 82 Akademicka/ Igrzyskowa
75%
52, 57, 65, 68, 80, 83 Sułkowskiego/ Kamienna
75%
2, 7, 8, 31N, 53, 59, 73, 84, 85 (Pętla Przejazdowa) Kapuściska
75%
31N, 67, 71, 77 Hetmańska/ Kaszubska
75%
6, 7, 11, 36N, 59 - Kazimierza Wielkiego
75%
36N, 73 Plątnowska/ Kościół
75%
91, 96 Przyłęki Kościół
75%
34N, 35N, 51, 58, 61, 71, 77 Grunwaldzka/ Kraszewskiego
75%
1, 2, 10, (31N), 41, (52), 82*, 93, 94 (Pętla Przejazdowa) Las Gdański P+R
75%
3, 5, 7, (10), (11), 31N, (32N), (33N), (65), 81, 95, 97 (Pętla Przejazdowa, Zajazd Kieszeniowy) Łoskoń
75%
33N, 52, 59, 60, 64 3 Maja Markwarta
75%
90, (92) Łochowice Nakielska/Kanałowa
75%
90, (92) (Pętla) Łochowice Nakielska/Zajęcza
75%
6x, 76, 85 Hutnicza/ Nowotoruńska
75%
76 Objazdowa/ Nowotoruńska
75%
61 Skorupki/ Orla
75%
36N, 61 Stroma/ Orla
75%
2Rx, 4, 6, 11 Chodkiewicza/ Paderewskiego
75%
33N, 52, 59, 60, 64 - Paderewskiego
75%
4, 6, 7, 8,11 - Perłowa
75%
32N, 52, 53, 54, 55, 57, 59, 60, 79 Szubińska/ Piękna
75%
35N, 36N, 51, 51, 54, 55, 56, 57, 58, 59, 60, 61, 79 - Plac Poznański
75%
1x, 3, 5, 8, 9, 10Rx, 31N, 33N, 34N - Plac Teatralny
75%
1x, 2, 4, 6, 10x, 11 - Plac Wolności
75%
31N, 71, 77 Mazowiecka/ Pomorska
75%
36N, 76 Nowotoruńska/ Prezydenta Lecha Kaczyńskiego
75%
2, 7, 8, 31N, 53, 59 Wojska Polskiego/ Prezydenta Lecha Kaczyńskiego
75%
64, (81) (Pętla) Przemysłowa
75%
3, 5, 7, 10, 11 Akademicka/ Rejewskiego
75%
3, 5, 7, 10, 11, 69, 81 Akademicka/ Romanowskiej
75%
69, 73, 81 Matki Teresy Z Kalkuty/ Romanowskiej
75%
1, 3, 34N, 35N, 36N, 51, 54, 56, 57, 58, 61, 62, 70, 71, 77, 79, 90 - Rondo Grunwaldzkie
75%
2, 3, 4, 5, 6, 8, 9, 10, 11, 31N, 32N, 33N, 34N, 35N, 36N, 51, 52, 55, 58, 59, 60, 61, 64, 76Rx, 80, 99 (Pętla Przejazdowa) Rondo Jagiellonów
75%
33N, 52, 55, 59, 60, 64, 67 - Rondo Ossolińskich
75%
5, 6, 8, 36N, 68, 69, 76, 89 (Pętla Przejazdowa) Rondo Toruńskie
75%
6x, (31N) Toruńska/ Równa
75%
5, 8, 9, 57, 67, 79, 80 (Pętla Przejazdowa) Rycerska
75%
(54), 58 (Pętla) Smukała
75%
4, 9 Szpitalna/ Solna
75%
36N Bielicka/ Solskiego
75%
61 Ugory/ Solskiego
75%
1x, 2x, 10x - Stadion Zawisza
75%
1x, 3, 10Rx, 36N, 56, 62, 90 Nakielska/ Stawowa
75%
32N, 53, 57 Schulza/ Stawowa
75%
64 Władysława IV/ Stawowa
75%
6x, 36N, 73 (Pętla Przejazdowa) Stomil
75%
35N, 77 Mińska/ Studzienna
75%
36N, 56, 62, 90 Nakielska/ Tarnowska
75%
32N, 33N, 69, 74, 81, 82, 83, 89, 95, 97 (Pętla Przejazdowa) Tatrzańskie
75%
67, 71, 77 Mickiewicza/ Teatr polski
75%
31N, (36N) Kielecka/ Toruńska
75%
73 Sporna/ Toruńska
75%
33N, 65, 81, 82, Fordońska/ Wiadukt
75%
92 Lipniki Wiadukt
75%
1x, 3, 10Rx, 36N, 56, 62, 90 (Pętla Przejazdowa) Wilczak
75%
95 Strzelce Górne Wilcza (NŻ)
75%
93 (Pętla) Wilcze Wilcze
75%
3, 5, 7, 10, 11, 31N Andersa/ Wolna
75%
1x, 3, 10Rx Nakielska/ Wrocławska
75%
1x, 3, 10Rx, 36N, 56, 62, 90 Nakielska/ Wrzesińska
75%
83 Kamienna/ Wyszyńskiego
75%
33N, 55, 64, 65, 68, 71, 77 Powstańców Wielkopolskich/ Wyszyńskiego
75%
2, 9, 11, 53 (Nieużywana Pętla) Wyżyny
75%
32N, 64, 69, 89 Inowrocławska/ Zajezdnia
75%
(52) Armii Krajowej/ Zamczysko
75%
82 (Pętla Przejazdowa) Zamczysko (Pętla)
75%
6x, 36N, 76 Toruńska/ Żupy
75%
92 Lipniki Akacjowa
50%
94 (Pętla) Nekla Akacjowa
50%
1x, 2x, 10x, 31N Gdańska/ Artyleryjska
50%
54, 57, 80 Zaświat/ Artyleryjska
50%
6x, 36N, 76 (Pętla Przejazdowa) Babia Wieś
50%
2, 7, 8, 31N, 53, 59, 73, 84, 85 Wojska Polskiego/ Baczyńskiego
50%
32N, 64, 69, 89 Brzozowa/ Bielicka
50%
36N, 53, 57, 79 Solskiego/ Bielicka
50%
93x Jarużyn Bociania
50%
91, 96 Zielonka Bocianowo
50%
2, 9, 11, 31N, 53, 56, 68 Wojska Polskiego/ Boya-Żeleńskiego
50%
33N, 74 - Brdyujście
50%
99 Brzoza Brzoza
50%
31N Dachtery Chemiczna
50%
42, 91 Białe Błota Chlebowa
50%
58, 83 Nad Torem/ Chmurna
50%
1x, 2, 4, 6, 10x, 11 31N, 71, 77 Gdańska/ Cieszkowskiego
50%
54, 83 Pileckiego/ Cmentarz
50%
57, 80 Zaświat/ Cmentarz
50%
32N, 55 Skorupki/ Czackiego
50%
34N, 35N, 51, 58, 61, 71, 77 Grunwaldzka/ Czarna Droga
50%
31N, 52, 65, 68 Sułkowskiego/ Czerkaska
50%
64 Władysława IV/ Czerwonego Krzyża
50%
54, 33N Saperów/ Czołgistów
50%
51, 83 (Pętla) Czyżkówko
50%
31N, 73, 85 Chemiczna/ Dachtery (NŻ)
50%
32N, 82 Wyzwolenia/ Derdowskiego
50%
41 Dobrcz Długa
50%
41 Wudzyn Długa
50%
(79) Cmentarna/ Dobrzyńska (NŻ)
50%
41 Stronno Dworcowa (NŻ)
50%
83 - Dworzec Bielawy
50%
73* (Pętla) Dworzec Bielawy (Inwalidów)
50%
32N, 53 (Pętla) Dworzec Błonie
50%
33N, 65, 74, 81, 82, (Zajazd Kieszeniowy) Dworzec Fordon
50%
36N, 73 - Dworzec Łęgnowo
50%
32N, 65, 83, 89 - Dworzec Politechnika
50%
35N, 77 - Dworzec Zachód
50%
35N, 61, 71 Kolbego/ Dzięciołowa
50%
(31N), (52) Jeździecka/ Dżokejowa
50%
34N, 58 Opławiec/ Elektrownia
50%
56 Glinki/ Eltra
50%
73 (Pętla) Eskulapa
50%
31N, 73, 85 Chemiczna/ Eurogaz (NŻ)
50%
(68) (Pętla) Park Przemysłowy/ Exploseum
50%
(68), 84 Park Przemysłowy/ Falkowskiego
50%
6, 7, 11 Toruńska/ Filmowa
50%
61, 71 Grunwaldzka/ Filtrowa
50%
35N, 61, 71, 77x Grunwaldzka/ Flisacka
50%
(68) Park Przemysłowy/ Gamma
50%
95, 97 Wyzwolenia Geodetów (NŻ)
50%
33N, 60 Bałtycka/ Głowackiego
50%
93 Osielsko Gmina
50%
(79) Cmentarna/ Gniewkowska (NŻ)
50%
32N, 52, 53, 54, 59, 60 Szubińska/ Gnieźnieńska
50%
35N, 77x Flisacka/ Grunwaldzka
50%
35N, 61, 71 Kolbego/ Grunwaldzka
50%
98 Bożenkowo Harcerska
50%
73* - Harcerska
50%
(31N), (52) Jeździecka/ Hipiczna
50%
76, 85 Nowotoruńska/ Hutnicza
50%
36N, 56, 62, 90 Nakielska/ Iglasta
50%
33N, 74, 81 (Pętla Przejazdowa) Skandynawska/ IKEA
50%
34N, 58 Opławiec/ Internat
50%
41, 98 Osielsko Jana Pawła II
50%
32N, 69, 74, 83, 89 Pelplińska/ Jarużyńska
50%
64, 69, 89 Żwirki i Wigury/ Jaskółcza
50%
32N, 64, 69, 89 Brzozowa/ Jesionowa
50%
41 Sienno Jesionowa
50%
(31N), 41, 93, 94 Gdańska/ Jeździecka
50%
61 Skorupki/ Jordanowska
50%
59, 60, 67 Skłodowskiej-Curie/ Jurasza
50%
3, 5, 7, 10, 11, 31N, 32N, 43, 81, 82, 83, 89 Akademicka/ Kaliskiego
50%
34N, 35N, 51, 58, 61, 71, 77 Grunwaldzka/ Kanałowa
50%
92 Białe Błota Kapliczna
50%
31N, 32N, 33N, 65, 69, 73, 74, 83, 89 Fordońska/ Kapliczna
50%
58, 83 Nad Torem/ Karolewska
50%
31N, 43 Andersa/ Kasztelańska
50%
76 Nowotoruńska/ Kielecka
50%
76 Smoleńska/ Kielecka
50%
96 Zielonka Kielecka
50%
3, 5, 7, 10, 11, 31N, 43, 81, 82 Andersa/ Kleeberga
50%
54, 83 Pileckiego/ Kmicica
50%
35N, 61, 71 Grunwaldzka/ Kolbego
50%
41 Kotomierz Koronowska
50%
34N, 58 Opławiec/ Koronowska
50%
94, 98 Żołędowo Koronowska
50%
57 Wysoka/ Koszarowa
50%
35N, 77 Kruszyńska/ Krańcowa
50%
42, 91 Białe Błota Kruszyńska
50%
(35N), 77 Podmiejska/ Kruszyńska
50%
33N, 59, 64, 67, 69, 89 Skłodowskiej-Curie/ Łęczycka
50%
41 Borówno Lipowa
50%
98 Osielsko Lipowa
50%
36N, 56, 62, 90 (Pętla Przejazdowa) Nakielska/ Lisia
50%
(36N), 56, 62, 90 - Łochowska
50%
4, 9, 31N Szpitalna/ Łomżyńska
50%
31N, (32N), (33N) (Pętla) Łoskoń Zajezdnia
50%
32N, 65, 83, 89 Fordońska/ Łowicka
50%
33N, 74, (81) Więcka/ Łowicka
50%
36N, 76 Toruńska/ Łuczniczki
50%
53 - Łukasiewicza
50%
31N, 56, 68, 79 - Magnuszewska
50%
73, 82 Trybowskiego/ Majtkowskiego
50%
42, 91 Białe Błota Modra
50%
31N, 56, 68 Magnuszewska/ Modrakowa
50%
85 (Zajazd Kieszeniowy) Mokra
50%
85 (Pętla, Zajazd Kieszeniowy) Mokra
50%
33N, 55, 57, 80 Ogińskiego/ Moniuszki
50%
3, 5, 7, 10, 11, 32N, 33N, 59, 64, 65, 67, 69 (Pętla Przejazdowa) Most Kazimierza Wielkiego
50%
(31N), 41, (52), 82*, 93, 94 - Myślęcinek
50%
41, 93 Osielsko Myślęcinek
50%
31N, 65, 81 (Pętla Przejazdowa) Nad Wisłą
50%
90, (92) Łochowo Nakielska 34/Cmentarz
50%
10, 11, 40 (Pętla) Niepodległości (Pętla)
50%
36N, 56, 62, 90 Nakielska/ Notecka
50%
61 Ugory/ Nowodworska
50%
93 Jarużyn Nowowiejska
50%
35N, 51, 52, 55, 56, 58, 59, 60 - Nowy Rynek P+R
50%
76, 85 Nowotoruńska/ Objazdowa
50%
85 Chemiczna/ Ogrodnictwo
50%
85 Chemiczna/ Ogrodnictwo II
50%
91 Brzoza Okrężna
50%
54, 33N Saperów/ Okrężna
50%
40* - Orląt Lwowskich
50%
40 (Pętla) Ostromecko Ostromecko
50%
(68), 84 Park Przemysłowy/ Paciorkiewicza
50%
54, 33N (Pętla Przejazdowa) Piaski
50%
(32N), (33N), 81, 95, 97 Geodetów/ Pienińska
50%
36N, 56, 62, 90 Nakielska/ Pijarów
50%
76 Smoleńska/ Pińczowska
50%
32N, 55, 80 Jagiellońska/ Piotrowskiego
50%
67 - Plac Piastowski
50%
1x, 2, 4, 6, 10x, 11 - Plac Praw Kobiet
50%
52, 59, 60, 64, 67 - Plac Weyssenhoffa
50%
36N, 73, (76) (Pętla Przejazdowa) Nowotoruńska/ Plątnowska (NŻ)
50%
(31N), (52) (Pętla) Podkowa
50%
32N, 83, 89 Kaliskiego/ Politechnika
50%
94 Jagodowo Polna
50%
56, (68), 84 Glinki/ Polon
50%
80 (Pętla) Port Lotniczy
50%
1x, 2x, 10x, 31N Gdańska/ Powstańcow Warszawy
50%
99 Prądocin Prądocin
50%
(68) (Pętla) Prądocińska
50%
32N, 40*, 69, 82, 83, 89, 98 Korfantego/ Prejsa
50%
(81) Przemysłowa/ Przejazd
50%
36N, 73 Plątnowska/ Przejazd (NŻ)
50%
36N, 73, (76) Nowotoruńska/ Przepompownia (NŻ)
50%
36N, 73 Toruńska/ Przyłubska (NŻ)
50%
94 Maksymilianowo Ptasia
50%
43 - Rondo Buxakowskiego
50%
3, 4, 5, 8, 10, 32N, 65, 68, 69, 89 - Rondo Fordońskie
50%
32N, 64, 69, 80, 89, 99 - Rondo Inowrocławskie P+R
50%
2, 9, 11, 31N, 32N, 36N, 53, 56, 57, 61, 64, 69, 79, 80, 89, 99 (Nieużywana Pętla) Rondo Kujawskie P+R
50%
34N, 35N, 51, 58, 61, 71, 77, 83 - Rondo Maczka P+R
50%
64, 65, 68, 69, 89 - Rondo Skrzetuskie
50%
(34N), (58) (Zajazd Kieszeniowy) Sanatorium
50%
53 Baczyńskiego/ Sandomierska
50%
59 Prezydenta Lecha Kaczyńskiego/ Sandomierska
50%
(54) Smukalska/ Sanktuarium (NŻ)
50%
67 Śniadeckich/ Sienkiewicza
50%
33N, 60 Bałtycka/ Skłodowskiej-Curie
50%
32N, 64, 69, 89 Inowrocławska/ Skorupki
50%
32N, 55 (Pętla Przejazdowa) Skorupki
50%
77 Bronikowskiego/ Śluzowa
50%
35N, 77 Kruszyńska/ Sowia
50%
36N, 76 Toruńska/ Spokojna
50%
36N, 73, (76) - Spółdzielcza
50%
6x, 36N, 73 Toruńska/ Sporna
50%
31N, 56, 68, 79 - Stadion BKS Chemik
50%
(35N), 77 Srebrna/ Stalowa
50%
6x, 36N, 73 Toruńska/ Stomil (Brama)
50%
99 Stryszek Stryszek (NŻ)
50%
57, 80 Czerkaska/ Sułkowskiego
50%
83 Kamienna/ Sułkowskiego
50%
36N, 73, (76) - Świetlicowa
50%
31N, 65, 81 Piłsudskiego/ Swobodna
50%
33N, 40, 65, 81, 82 Wyzwolenia/ Swobodna
50%
2, 4, 7, 8, 9, 11, 31N, 53 - Szarych Szeregów
50%
41 Karolewo Szkoła
50%
33N, 74, (81) Łowicka/ Szkoła
50%
94, 98 Maksymilianowo Szkoła
50%
94 Żołędowo Szkoła
50%
41 Stronno Szkoła (NŻ)
50%
95 Strzelce Górne Szkolna
50%
57, 80 Powstańcow Warszawy/ Szpital Wojskowy
50%
32N, 53 Schulza/ Szubińska
50%
32N, 40*, 69, 74, 83, 89 Pelplińska/ Targowisko
50%
(99) Tarkowo Dolne Tarkowo Dolne
50%
64 Przemysłowa/ Tartak
50%
32N, 40*, 69, 74, 83, 89 Pelplińska/ Taterników
50%
32N, 40*, 69, 83, 89 Twardzickiego/ Thommée
50%
6x, (31N) Toruńska/ Tor Awaryjny
50%
33N, 74, (81) (Pętla Przejazdowa) Tor Regatowy
50%
32N, 65, 83, 89 Fordońska/ Traktorzystów
50%
74, 81, 82 Skarżyńskiego/ Twardzickiego
50%
36N, 53, 57, 61, 79 Solskiego/ Ugory
50%
79 Trasa Uniwersytecka/ Ujejskiego
50%
2, 9, 11, 31N, 53, 56, 69, 89 Wojska Polskiego/ Ujejskiego
50%
92 Białe Błota Urząd Gminy
50%
41 Dobrcz Urząd Gminy
50%
43 (Pętla) Zławieś Wielka Urząd Gminy
50%
35N, 51, 52, 55, 56, 58, 59, 60 Grudziądzka/ Urząd Miasta P+R
50%
80, 99 Jana Pawła II/ Wąbrzeska
50%
(79) (Zajazd Kieszeniowy) Wąbrzeska
50%
51, 83 Deszczowa/ Wichrowa
50%
36N, 56, 62, 90 Nakielska/ Widok
50%
35N, 61, 71 Kolbego/ Wielorybia
50%
36N, 73 Toruńska/ Wieża Ciśnień (NŻ)
50%
31N, 32N, 33N, 65, 69, 73, 74 83, 89 Fordońska/ Wiślana
50%
36N, 56, 62, 90 Nakielska/ Wiśniowa
50%
41 Stronno Wiśniowa (NŻ)
50%
53 Baczyńskiego/ Wojska Polskiego
50%
33N, 74 Witebska/ Wschodnia
50%
41 (Pętla) Wudzyn Wudzyn
50%
34N, 58 Opławiec/ Wycieczkowa (NŻ)
50%
36N, 73 Toruńska/ Wypaleniska (NŻ)
50%
34N, 58 Opławiec/ Wypoczynkowa
50%
2, 9, 11, 31N, 53, 56, 57, 69, 79, 89 - Wzgórze Wolności
50%
31N, 56, 68, 79 Glinki/ Zajęcza
50%
(7) (Pętla) Zajezdnia Tramwajowa (Toruńska)
50%
83 Artyleryjska/ Zaświat
50%
2, 6x, 9, 11, 35N, 36N, 51, 52, 55, 56, 58, 59, 60, 61, 64, 80, 99 - Zbożowy Rynek
50%
79 Glinki/ Zelwerowicza
50%
80, 99 Jana Pawła II/ Ziemska
50%
36N, 73, (76) Nowotoruńska/ Żółwińska (NŻ)
50%
32N, 52, 53, 54, 59, 60, 64, 69, 89 Szubińska/ Żwirki i Wigury
50%
36N, 56, 62, 90 Nakielska/ Żywiecka
50%
(54) Smukalska/ Agrestowa
25%
(52), 82* Zamczysko/ Armii Krajowej
25%
31N, 69, 73, 81 Rejewskiego/ Auchan
25%
94 Augustowo Augustowo
25%
94 (Pętla Przejazdowa) Żołędowo Augustowska
25%
(54) Smukalska/ Baranowskiego (NŻ)
25%
96 Zielonka Biedronki
25%
84 Park Przemysłowy/ Biurowiec
25%
34N, 58 Opławiec/ Biwakowa
25%
91, 96 Przyłęki Biznesowa
25%
54, 33N Smukalska/ Błądzimska
25%
93 Niwy Bocheńska
25%
41 Dobrcz Borówieńska
25%
98 Bożenkowo Bożenkowska
25%
31N, (65), 81 Bora-Komorowskiego/ Braci Bażańskich
25%
95, 97 Wyzwolenia Brzegowa (NŻ)
25%
91 Brzoza Brzoza II
25%
76 Smoleńska/ Budowlana
25%
93 Osielsko Centralna
25%
31N, 69, 81 - Centrum Onkologii
25%
97 Chełmszczonka Chełmszczonka
25%
34N, 58 Siedlecka/ Chmielna
25%
99 Chmielniki Chmielniki I (NŻ)
25%
61, 71 Grunwaldzka/ Chojnicka
25%
34N, 51 Wiejska/ Chojnicka
25%
91, 96 Przyłęki Cicha
25%
94 Nekla Ciepła
25%
98 Czarnówczyn Czarnówczyn
25%
43 Czarnowo Czarnowo I
25%
43 Czarnowo Czarnowo II
25%
42, 91 Białe Błota Czerska
25%
95 Strzelce Górne Diamentowa (NŻ)
25%
92 Drzewce Drzewce
25%
96 Przyłęki Dymna
25%
(59), 84 Wojska Polskiego/ Dziatkiewicza (NŻ)
25%
(59) Wulffa/ Eberhardta
25%
(59) Hutnicza/ Eberhardta (NŻ)
25%
73, 85 Chemiczna/ Energetyczna (NŻ)
25%
33N, 40, 65, 81, 82 - Fordon Rynek
25%
84 Park Przemysłowy/ Frankiego
25%
31N, 33N, 54, 79 Warszawska/ Fredry
25%
82, 98 Pod Skarpą/ Frydrychowicza
25%
97 Strzelce Górne Gądecka
25%
97 Gądecz Gądecz
25%
(81) Witebska/ Gazbud
25%
42, 91 Ciele Gęsia
25%
94 Maksymilianowo Główna
25%
95, 97 Strzelce Górne Gołębia (NŻ)
25%
(59), 84 Wojska Polskiego/ Hechlińskiego
25%
97 Hutna Wieś Hutna Wieś
25%
94 Maksymilianowo Jagodowa
25%
99 Januszkowo Januszkowo
25%
92 Kruszyn Krajeński Jasiniecka
25%
73, 82 Trybowskiego/ Jasiniecka
25%
41 (Pętla) Żołędowo Jastrzębia
25%
43 Kamieniec Kamieniec
25%
54, 33N Saperów/ Kąpielisko
25%
94 Niemcz Kasprowicza
25%
98 Osielsko Kąty
25%
31N, (65), 81 Bora-Komorowskiego/ Kiedrowskiego
25%
32N, 40*, 69, 83, 89 Twardzickiego/ Kleina
25%
98 Żołędowo Klonowa
25%
35N, 61, 71 Kolbego/ Kogucia
25%
93 Jarużyn Kolonia
25%
34N, 58 Opławiec/ Kolonijna
25%
41, 98 Osielsko Kolonijna
25%
54, 33N Saperów/ Komandosów
25%
(32N), (33N), 81, 95, 97 Wyzwolenia/ Komisariat
25%
32N, 53, 55, 57, 79 Solskiego/ Kossaka
25%
36N, 61 Stroma/ Kossaka
25%
94 Nekla Kotomierska
25%
97 Kozielec Kozielec
25%
97 Kozielec Kozielec I
25%
34N, 51 Wiejska/ Krajeńska
25%
93 Wilcze Krakowska
25%
41 Żołędowo Krakowska
25%
93Rx, 95 Jarużyn Krakowska (NŻ)
25%
74, 81, 82 Skarżyńskiego/ Kwiatkowskiego
25%
42 Kruszyn Krajeński Kwiatowa
25%
93, 98 Osielsko Kwiatowa
25%
42, 92 Kruszyn Krajeński Łąkowa
25%
41 Dobrcz Leśna
25%
94 Nekla Leśna
25%
93, 98 Osielsko Leśna
25%
(31N), 41, 52, 65, 68, 93, 94 - Leśne
25%
94 Jagodowo Letnia (NŻ)
25%
92 (Pętla Przejazdowa) Łochowo Łochowo
25%
32N, 40*, 69, 83, 89 Twardzickiego/ Łochowskiego
25%
34N, 58 Siedlecka/ Łubinowa
25%
54, 33N Saperów/ Ludwikowo
25%
33N, 54 Żeglarska/ Ludwikowo
25%
91 Ciele Makowa
25%
94 Nekla Makowa
25%
94 Niemcz Malczewskiego
25%
73, 82 Trybowskiego/ Matki Teresy Z Kalkuty
25%
34N, 58 Opławiec/ Meysnera
25%
84 Park Przemysłowy/ Michałowskiego
25%
94 Niemcz Mickiewicza
25%
93 Osielsko Młyn
25%
91, 96 Przyłęki Młyńska
25%
96 Przyłęki Mostowa
25%
92 Murowaniec Murowaniec
25%
34N, 58 Chmurna/ Nad Torem
25%
34N, 51, 58, 83 Orlicza/ Nad Torem
25%
93 (Pętla Przejazdowa) Niwy Niwy
25%
99 Nowa Wieś Wielka Nowa Wieś Wielka
25%
(31N), (52), 94 Jeździecka/ Ogród Botaniczny
25%
42 Kruszyn Krajeński Ogrodowa
25%
33N, 74 Wyszogrodzka/ Opalowa
25%
34N, 58 Meysnera/ Opławiec
25%
58, 83 Nad Torem/ Orlicza
25%
96 Zielonka Orzechowa
25%
91 Zielonka Orzechowa
25%
41 Kotomierz Osiedle
25%
98 Bożenkowo Osiedlowa
25%
41 Kusowo Osiedlowa
25%
64 Przemysłowa/ Os. Rzemieślnicze
25%
36N, 73 Plątnowska/ Otorowska (NŻ)
25%
(68), 84 Park Przemysłowy/ Petersona
25%
(59), 84 Wojska Polskiego/ Petersona (NŻ)
25%
41 Borówno Plaża
25%
99 Chmielniki Plaża
25%
35N, 77 Mińska/ Plonowa
25%
73, 82 Jasiniecka/ Pod Skarpą
25%
94 Niemcz Pod Wierzbami
25%
91 Ciele Pogodna
25%
64 Przemysłowa/ Portowa
25%
90 Lisi Ogon Potulicka32/Hubertusa
25%
90 Lisi Ogon Potulicka/Szlachecka
25%
64, 65, 68 Wyszyńskiego/ Powstańców Wielkopolskich
25%
(91), 96 Prądki Prądki
25%
34N, 58 Opławiec/ Przedszkole
25%
61, 71 Grunwaldzka/ Przejście (NŻ)
25%
82, 98 Pod Skarpą/ Przemysła II
25%
32N, 40*, 69, 81, 82, 83, 89 Twardzickiego/ Przybory
25%
84 Park Przemysłowy/ Raczkowskiego
25%
73* - Rodzinny Ogród Działkowy "Makrum"
25%
73* - Rodzinny Ogród Działkowy "Wyczółkowskiego"
25%
33N, 52, 55, 57, 64, 65, 68, 71, 77, 80 - Rondo Wielkopolskie
25%
94 Nekla Rutkiewicz
25%
73 Matki Teresy Z Kalkuty/ Rydygiera
25%
54, 83 Pileckiego/ Rynkowska
25%
96 Trzciniec Sarnia
25%
96 Przyłęki Siedliskowa
25%
57, 80 Powstańcow Warszawy/ Skromna
25%
42 Kruszyn Krajeński Słoneczna 24
25%
31N, 36N Kielecka/ Smoleńska
25%
34N, 58 Opławiec/ Soboczyńskiego
25%
93 Wilcze Sopocka
25%
92 Białe Błota Sosnowa
25%
92 Łochowo Sosnowa (NŻ)
25%
(35N), 77 Srebrna/ Spiżowa
25%
73, 98 Pod Skarpą/ Stamma
25%
93Rx Jarużyn Starowiejska
25%
96 Zielonka Stokrotki Polnej
25%
92 Murowaniec Strusia
25%
97 Strzelce Dolne Strzelce Dolne I
25%
95, 97 Strzelce Dolne Strzelce Dolne II
25%
95, 97 Strzelce Dolne Strzelce Dolne III (NŻ)
25%
40 Strzyżawa Strzyżawa
25%
92 Lipniki STW
25%
33N, 40, 65, 81, 82 Wyzwolenia/ Styki
25%
98 Maksymilianowo Świetlica
25%
74, 81, 82 Brzechwy/ Szafirowa
25%
32N, 33N, 64, 65, 69, 89 Fordońska/ Szajnochy
25%
41 Wilcze Szczecińska
25%
73, 85 Chemiczna/ Szczerby (NŻ)
25%
74, 81, 82 Brzechwy/ Szelburg-Zarembiny
25%
90 Łochowo Szosa Bydgoska/Grabowa
25%
90 Łochowo Szosa Bydgoska/Kasztanowa
25%
43 Toporzysko Toporzysko I
25%
43 Toporzysko Toporzysko II
25%
73, 82 Jasiniecka/ Trybowskiego
25%
97 Trzęsacz Trzęsacz Dolny
25%
97 Trzęsacz Trzęsacz I
25%
97 Trzęsacz Trzęsacz II
25%
97 Trzęsacz Vitroflora
25%
34N, 51, 83 Deszczowa/ Wiejska
25%
92 Lipniki Wierzbowa
25%
32N, 40*, 69, 81, 82, 83, 89 Twardzickiego/ Witosa
25%
57 Stawowa/ Władysława IV
25%
97 Włóki Włóki
25%
34N, 58 Siedlecka/ Wodociągi (NŻ)
25%
41 Wudzyn Wudzyn I
25%
41 Karolewo Wybudowanie
25%
41 Osielsko Wybudowanie
25%
40 Ostromecko Wybudowanie
25%
33N, 65, 74 Fordońska/ Wyszogrodzka
25%
(32N), (33N), 81, 95, 97 Geodetów/ Wyzwolenia
25%
54, 33N Saperów/ Zakątek
25%
93 Niwy Zakopiańska
25%
54, 83 Pileckiego/ Żeglarska
25%
(91), 96 Zielonka Żołędziowa
25%
96 Ciele Żołnierzy Wyklętych
25%
98 Osielsko Cisowa
0%
41 Osielsko Dzikiej Gęsi
0%
98 Osielsko Gryczana
0%
41 Dobrcz Jarzębinowa
0%
42 Kruszyn Krajeński Jarzębinowa
0%
93 Strzelce Górne Jaworowa
0%
96 Zielonka Jodłowa
0%
42 Białe Błota Konarowa
0%
94 Niemcz Krzyszkowiaka
0%
94 Nekla Letniskowa
0%
42 Kruszyn Krajeński Mroźna
0%
42, 91 Ciele Myśliwska
0%
91 Ciele Ogrody
0%
(35N), 77 Spiżowa/ Ołowiana
0%
96 Przyłęki Promienna
0%
94 Żołędowo Przyjazna
0%
91, 96 Przyłęki Przyłęki
0%
95 Jarużyn Rajska (NŻ)
0%
41 Borówno Skrzyżowanie
0%
31N, 32N, 33N, 65, 69, 73, 74, 83, 89 Fordońska/ Sochaczewska
0%
93Rx Jarużyn Sołecka
0%
42 Kruszyn Krajeński Świerkowa
0%
41 Borówno Szosa Gdańska
0%
90, (92) Łochowo Szosa Nakielska/Czereśniowa
0%
84 Park Przemysłowy/ Trzecia
0%
98 Żołędowo Tulipanowa
0%
93 Osielsko Wiązowa
0%
57 Stawowa/ XVI Pułku Ułanów Wielkopolskich
0%
42 Kruszyn Krajeński Zbożowa
0%
91, 96 Ciele Źródlana
0%
Nie znaleziono quizów pasujących do podanych kryteriów
Rozkład punktacji
Procent ludzi z każdym wynikiem
Percentyl według liczby udzielonych odpowiedzi
Twoja historia wyników
Nie rozwiązałeś tego quizu od ostatniego zresetowania